000 00764nam a22001097a 4500
008 150914b xxu||||| |||| 00| 0 eng d
100 _aMiller, Jerry H.
245 _aFrom Hinrichsen to Krag
_bthe experimental and early machine postmarks of Germany (1866 until 1906)
250 _aSecond Edition
260 _bGermany Philatelic Society
_c2008
650 _aGermany | Machine Cancels | Postal Markings | Post Office Equipment | Postal History | 19th Century | 20th Century | ca. 1866-1924 | German States | Covers | Hinrichsen, Robert | Haller, George | Hoster, Albert | Bickerdike Machine Cancels | Canadian Postal Supply Company | Columbia Postal Supply Company | International Postal Supply Company | Ruettger, Carl | Krag, Nils | Krag | Bibliographies | Great Britain
999 _c1711
_d1711